Gentle healing in your hands : (Record no. 83651)

MARC details
000 -LEADER
fixed length control field 00880nam a22002057a 4500
005 - DATE AND TIME OF LATEST TRANSACTION
control field 20140702120955.0
010 ## - LCCN (DPL NO)
LC control number ENG-109749
020 ## - INTERNATIONAL STANDARD BOOK NUMBER
International Standard Book Number 9788173818325
Terms of availability 135.00
035 ## - SYSTEM CONTROL NUMBER
System control number EN-93282
037 ## - SOURCE OF ACQUISITION
Source of stock number/acquisition DBAD/PUB
082 ## - DEWEY DECIMAL CLASSIFICATION NUMBER
Classification number 615.321
100 ## - MAIN ENTRY--PERSONAL NAME
Personal name Acharya, Alka
245 00 - TITLE STATEMENT
Title Gentle healing in your hands :
Statement of responsibility, etc by Alka Acharya [and] Bankey Bihari Mishra
Remainder of title holistic and powerful home remedies homoeo and biochemic /
260 ## - PUBLICATION, DISTRIBUTION, ETC. (IMPRINT)
Place of publication, distribution, etc Kolkata
Name of publisher, distributor, etc New Central Book Agency
Date of publication, distribution, etc 2013
270 ## - ADDRESS
Address 8/1 Chintamoni Das Lane
City Kolkata
Postal code 700009
300 ## - PHYSICAL DESCRIPTION
Extent xvii,161p.
Dimensions 24cm(pbk)
500 ## - GENERAL NOTE
General note Includes bibliographical references
700 ## - ADDED ENTRY--PERSONAL NAME
Personal name Mishra, Bankey Bihari
942 ## - ADDED ENTRY ELEMENTS (KOHA)
Source of classification or shelving scheme Dewey Decimal Classification
Item type English Books
Call number suffix ACH
Classification part 615.321
Holdings
Withdrawn status Lost status Not for loan Collection code Home library Current library Date acquired Source of acquisition Cost, normal purchase price Full call number Barcode Copy number Cost, replacement price Koha item type
    Not For Loan Non-fiction D.B.Act.Division D.B.Act.Division 21/04/2014 DBAD/PUB 135.00 615.321 ACH EN-93282 1 135.00 English Books

© Delhi Public Library
Hit Counter
free hit counter